Open Data Biblioteca Nacional de Portugal


República Portuguesa: Ministério da Cultura
Biblioteca Nacional de Portugal

Catálogo da BNP: acesso por Identificadores Unívocos
Registos Bibliográficos associados ao registo de autoridade

Etiqueta de registo: 00000nam 2200025 450
001 1961733
003 http://id.bnportugal.gov.pt/bib/catbnp/1961733
100 ## $a20170508d2015 k y0pory01030103ba
101 0# $aeng$dpor
102 ## $aPT
105 ## $aa m 000yy
106 ## $ar
200 1# $a A bio-inspired computational model for motion detection$fAna Carolina Quintela Alves Vilares da Silva$gorient. Cristina Manuela Peixoto dos Santos, John Richard Gray
210 #9 $a[Braga$cs.n.],$d2015
215 ## $aXI, 217 p.$cil.$d30 cm
328 #1 $aTese dout. Engenharia Biomédica, Escola de Engenharia, Univ. do Minho, 2015
675 ## $a681.5(043)$vBN$zpor$3297997
675 ## $a577.25(043)$vBN$zpor$31290522
700 #1 $aSilva,$bAna Carolina Quintela Alves Vilares da$31680042
702 #1 $aSantos,$bCristina Manuela Peixoto$4727$31596673
702 #1 $aGray,$bJohn Richard$4727$31680040
801 #0 $aPT$bBN$gRPC
966 ## $lBN$mFGMON$sS.A. 165211 V.$x1

OpendataBNP@bnportugal.pt | Mais informação sobre acesso aos dados BNP